000 00707nas a2200229 4500
001 BR6007855
003 BR-BrBNA
005 20231205082033.0
007 ta
008 230509b bl.|||p| |||| 00| 00por d
040 _aBR-BrBNA
_bpor
_cBiblioteca Nacional de Agricultura
041 _a(Pt)
072 _aK10; U10
100 1 _aVeiga, A. de A.
245 1 _aDeterminacao previa do "TAPER" em especies do grupo das folhosas e resinosas [area basal]
650 _aMATEMATICA
650 _aESSENCIA FLORESTAL
650 _aAREA BASAL
773 0 _tBrasil Florestal (Brazil)
_xISSN 0045-270X
_g(Oct 1976), v. 7(28) p. 39-41
_wBR6007855
909 _a202311
_bLúcia
_c55
_dLúcia Elande
942 _2AGRIS
_n0
_cANA
999 _c88744
_d88744